Hồ Chí Minh - Hành trình đến thắng lợi = Hồ Chí Minh - Journey to victory
Zapisane w:
| 1. autor: | |
|---|---|
| Format: | Sách |
| Język: | Undetermined |
| Wydane: |
Thế giới
2011
|
| Hasła przedmiotowe: | |
| Etykiety: |
Dodaj etykietę
Nie ma etykietki, Dołącz pierwszą etykiete!
|
| Thư viện lưu trữ: | Trung tâm Thư viện - Trường Đại học Công nghiệp TP. Hồ Chí Minh |
|---|
| LEADER | 00560nam a2200157Ia 4500 | ||
|---|---|---|---|
| 001 | UIH_06813 | ||
| 008 | 231011s9999 xx 000 0 und d | ||
| 082 | |a 959.704092 | ||
| 100 | |a Phùng Tố Tâm | ||
| 245 | 0 | |a Hồ Chí Minh - Hành trình đến thắng lợi = Hồ Chí Minh - Journey to victory | |
| 245 | 0 | |c Phùng Tố Tâm | |
| 260 | |b Thế giới | ||
| 260 | |c 2011 | ||
| 650 | |a Hồ Chí Minh; | ||
| 927 | |a Sách | ||
| 980 | |a Trung tâm Thư viện - Trường Đại học Công nghiệp TP. Hồ Chí Minh | ||